000
00288nam a2200121Ia 4500
008
190216s9999||||xx |||||||||||||| ||und||
100
_a
Cheurssery
245
0
_a
Rugmaniswayamvaram
260
_b
"House Of Knowledge, Trichur"
_c
1968
300
_a
111p
650
_a
Kavithkal
942
_c
BK
999
_c
25796
_d
25796